| 000 | 00725nam a2200217 i 4500 | ||
|---|---|---|---|
| 001 | 129509 | ||
| 003 | ES-MaACL | ||
| 005 | 20230906193521.0 | ||
| 007 | t| | ||
| 008 | 070625s1920 sp ||||1| spa d | ||
| 100 | 1 |
_aTestut, Léo ( _d1849-1925) _9133195 |
|
| 245 | 1 | 0 |
_aTratado de anatomía topográfica con aplicaciones médico-quirúrgicas / _cpor Jean Leon Testut, O. Jacob ; traducido por J. Góngora, R. Zariquiey. |
| 250 | _a3ª ed. | ||
| 260 |
_aBarcelona : _bP. Salvat, _c1920. |
||
| 300 |
_a2 v. ; _c25 cm. |
||
| 650 | 4 |
_aAnatomía topográfica. _9151407 |
|
| 700 | 1 |
_aJacob, Octave ( _d1867-1928) _965832 |
|
| 700 | 1 |
_aGóngora, J. _958240 |
|
| 700 | 1 |
_aZariquiey, R. _9118076 |
|
| 852 |
_aES-MaACL _jE-1295-96 |
||
| 999 |
_c129509 _d129509 |
||